<?xml version="1.0" encoding="UTF-8"?>
<record
    xmlns:xsi="http://www.w3.org/2001/XMLSchema-instance"
    xsi:schemaLocation="http://www.loc.gov/MARC21/slim http://www.loc.gov/standards/marcxml/schema/MARC21slim.xsd"
    xmlns="http://www.loc.gov/MARC21/slim">

  <leader>03139nam a22001817a 4500</leader>
  <controlfield tag="003">OSt</controlfield>
  <controlfield tag="005">20201202132048.0</controlfield>
  <controlfield tag="008">201202b 2004 ny ac  00| 0 eng d</controlfield>
  <datafield tag="040" ind1=" " ind2=" ">
    <subfield code="a">DO-SdBNP</subfield>
    <subfield code="b">spa</subfield>
    <subfield code="c">BNPHU</subfield>
  </datafield>
  <datafield tag="100" ind1="1" ind2=" ">
    <subfield code="a">Bernstein, Alice</subfield>
    <subfield code="9">77487</subfield>
  </datafield>
  <datafield tag="245" ind1="1" ind2="0">
    <subfield code="a">Aesthetic Realism and the answer to racism : </subfield>
    <subfield code="b">articles published nationwide &amp; abroad /</subfield>
    <subfield code="c">Alice Bernstein &amp; others. And, the Equality of man / by Eli Siegel.</subfield>
  </datafield>
  <datafield tag="260" ind1=" " ind2=" ">
    <subfield code="a">New York : </subfield>
    <subfield code="b">Orange Angle Press, </subfield>
    <subfield code="c">2004.</subfield>
  </datafield>
  <datafield tag="300" ind1=" " ind2=" ">
    <subfield code="a">xv, 239 p.</subfield>
    <subfield code="b">il.</subfield>
    <subfield code="c">23 cm.</subfield>
  </datafield>
  <datafield tag="505" ind1="0" ind2=" ">
    <subfield code="t">pt. 1. Articles by Alice Bernstein: Aesthetic Realism explains where racism begins--
&amp; what can end it. Two poems by Eli Siegel about Martin Luther King and America. Young and old learn to answer to racism at Brooklyn Children's Museum. George Dawson : the beauty of reading and the answer to racism. Congressman Elijah E. Cummings : a true representative. Children's guide to parents &amp; other matters : a book to celebrate. Art, science, and the answer to racism : the Aesthetic Realism teaching method. The genome and the "equality of man." Bronzeville and Harlem : photography and justice / written with David Bernstein. Words, truth, and the Confederate flag. Freedom &amp; order : the quilt masterpieces of Gee's Bend. Brown vs. Board of Education : what interferes with justice? Court building named for Judge James L. Watson. Jimmy Slyde and the beauty of tap dance. Philip Rose : a Broadway journey against racism. A ceremony of grief and triumph : the African Burial Ground. The art of the world and justice to people --</subfield>
    <subfield code="t">pt. 2. Articles by others: India : the Amritsar massacre / by Christopher Balchin. A conversation between an Israeli and a Palestinian / by Bruce Blaustein. Contempt : the cause of racism / by Edward Green. Where racism begins : in the self of every person--and how it can end / by Ken Kimmelman. Richard Wright, Aesthetic Realism, and the end of racism / by Allan Michael. A Muslim woman's life, and a principle true to all cultures / by Ruth Oron. Israelis and Germans need to study contempt--the cause of hatred and prejudice / by Ruth Oron &amp; Julie Jensen. Contempt must be studied for Mideast terror to end! / by Ruth Oron [and others]. An Aesthetic Realism anthropologist talks about race / by Arnold Perey. The answer to the poverty and prejudice afflicting Native Americans / by Harvey Spears. Aesthetic Realism can end prejudice and racism--a Latino perspective / by Jaime Torres --</subfield>
    <subfield code="t">pt. 3. The Aesthetic Realism teaching method: Brown vs. Board of Education : students learn, prejudice is defeated / by Lois Mason. Prejudice changes to respect / by Barbara McClung. Education for good will : India and New York / by Arnold Perey. Poetry as justice : aesthetics defeats contempt / by Leila Rosen. Every subject is anti-prejudice / by Rosemary A. Plumstead. Teaching English as a second language to Chinese children / by Patricia Martone --</subfield>
    <subfield code="t">pt. 4. The equality of man / Eli Siegel --</subfield>
    <subfield code="t">pt. 5. The rigth of eesthetic realism  to be known and two proclamations --</subfield>
    <subfield code="t">Biographical notes --</subfield>
    <subfield code="t">Index.</subfield>
  </datafield>
  <datafield tag="590" ind1=" " ind2=" ">
    <subfield code="a">Inventariado, 2020 /LP

</subfield>
  </datafield>
  <datafield tag="700" ind1="1" ind2=" ">
    <subfield code="a">Siegel, Eli </subfield>
    <subfield code="9">77488</subfield>
  </datafield>
  <datafield tag="942" ind1=" " ind2=" ">
    <subfield code="2">ddc</subfield>
    <subfield code="c">LBS1</subfield>
  </datafield>
  <datafield tag="952" ind1=" " ind2=" ">
    <subfield code="0">0</subfield>
    <subfield code="1">0</subfield>
    <subfield code="2">ddc</subfield>
    <subfield code="7">1</subfield>
    <subfield code="8">MO</subfield>
    <subfield code="a">BNPHU</subfield>
    <subfield code="b">GR</subfield>
    <subfield code="c">HD</subfield>
    <subfield code="d">2020-12-02</subfield>
    <subfield code="l">0</subfield>
    <subfield code="r">2020-12-02</subfield>
    <subfield code="w">2020-12-02</subfield>
    <subfield code="y">LBS1</subfield>
  </datafield>
  <datafield tag="999" ind1=" " ind2=" ">
    <subfield code="c">49227</subfield>
    <subfield code="d">49227</subfield>
  </datafield>
</record>
